| 000 | 00447nam a22001577a 4500 | ||
|---|---|---|---|
| 005 | 20230823100326.0 | ||
| 008 | 230823b ||||| |||| 00| 0 eng d | ||
| 040 | _cAL | ||
| 041 | _aeng | ||
| 082 |
_223 _a620.02 _bSANS |
||
| 100 |
_aSanthanagopalan M and others _9130527 |
||
| 245 | _aSuras Super Guide for Engineering Entrance Examinations | ||
| 650 |
_aEngineering _9130528 |
||
| 700 |
_aSANTHANAGOPALAN and others _9130529 |
||
| 942 |
_2ddc _cBK |
||
| 999 |
_c228440 _d228440 |
||